000 00657nam a2200277Ia 4500
005 20260324150813.0
008 008 260324s9999 xx 000 0 eng d
020 _a9781315122595
037 _aEBOOK
040 _aCRL
040 _beng
040 _cCRL
041 _2eng
041 _aeng
084 _qCRL
100 _aFord Madox Ford
_9424488
245 0 _aRevival: Provence from Minstrels to the Machine (1938)
260 _bTaylor and Francis
260 _c1938
365 _a
365 _b350
856 _uhttp://www.taylorfrancis.com/books/9781315122595
942 _cEBOOK
999 _c1837777
_d1837777